• Hymns, Greek (Classical)

di Topical Term

Records bibliografici associati: 1

001 - CONTROL NUMBER

  • control field: 57214

003 - CONTROL NUMBER IDENTIFIER

  • control field:

005 - DATE AND TIME OF LATEST TRANSACTION

  • control field: 20180514163843.0

008 - FIXED-LENGTH DATA ELEMENTS

  • fixed length control field: 180514|| aca||aabn | a|a d

040 ## - CATALOGING SOURCE

  • Original cataloging agency:
  • Transcribing agency:

150 ## - HEADING--TOPICAL TERM

  • Topical term or geographic name entry element: Hymns, Greek (Classical)
  • Form subdivision: Translations into Italian.

670 ## - SOURCE DATA FOUND

  • Source citation: Work cat.: ()0: Inni orfici /, 2000.
CREDITS: SOCIETA' SAN PAOLO Via A.Severo, 58 - ROMA (RM) & PERIODICI SAN PAOLO SRL Via Giotto, 36 MILANO & CISF Via Giotto, 36 MILANO & EDIZIONI SAN PAOLO SRL,  Piazza Soncino, 5 CINISELLO BALSAMO (MI) -- ITALY